<?xml version="1.0" encoding="UTF-8"?>
<collection xmlns="http://www.loc.gov/MARC21/slim">
 <record>
  <leader>01111nam a2200217Ia 4500</leader>
  <controlfield tag="001">CTU_180872</controlfield>
  <controlfield tag="008">210402s9999    xx            000 0 und d</controlfield>
  <datafield tag="020" ind1=" " ind2=" ">
   <subfield code="c">57000</subfield>
  </datafield>
  <datafield tag="082" ind1=" " ind2=" ">
   <subfield code="a">810.08</subfield>
  </datafield>
  <datafield tag="082" ind1=" " ind2=" ">
   <subfield code="b">S550</subfield>
  </datafield>
  <datafield tag="100" ind1=" " ind2=" ">
   <subfield code="a">Lê, Văn Sự</subfield>
  </datafield>
  <datafield tag="245" ind1=" " ind2="0">
   <subfield code="a">Tuyển tập 110 bài đọc văn chương Anh Mỹ =</subfield>
  </datafield>
  <datafield tag="245" ind1=" " ind2="2">
   <subfield code="b">A Collection of 110 literary texts from British and American literatures</subfield>
  </datafield>
  <datafield tag="245" ind1=" " ind2="0">
   <subfield code="c">Lê Văn Sự</subfield>
  </datafield>
  <datafield tag="260" ind1=" " ind2=" ">
   <subfield code="a">Hà Nội</subfield>
  </datafield>
  <datafield tag="260" ind1=" " ind2=" ">
   <subfield code="b">Hồng Đức</subfield>
  </datafield>
  <datafield tag="260" ind1=" " ind2=" ">
   <subfield code="c">2011</subfield>
  </datafield>
  <datafield tag="520" ind1=" " ind2=" ">
   <subfield code="a">Cung cấp cho sinh viên các bài đọc văn học với các thủ pháp thường được sử dụng trong ngôn ngữ diễn cảm và trong văn chương. Những thủ pháp này có tiêu đề &quot; Hình thái tu từ / mỹ từ pháp&quot;. Ngoài ra, quyển sách còn giới thiệu về các yếu tố cơ bản của truyện ngắn.</subfield>
  </datafield>
  <datafield tag="650" ind1=" " ind2=" ">
   <subfield code="a">Collection,Literatures of America,Bộ sưu tập,Văn học Mỹ</subfield>
  </datafield>
  <datafield tag="904" ind1=" " ind2=" ">
   <subfield code="i">Thu, Tú</subfield>
  </datafield>
  <datafield tag="980" ind1=" " ind2=" ">
   <subfield code="a">Trung tâm Học liệu Trường Đại học Cần Thơ</subfield>
  </datafield>
 </record>
</collection>
